| 000 | 00889nas a2200289 4500 | ||
|---|---|---|---|
| 001 | BR0902968 | ||
| 003 | BR-BrBNA | ||
| 005 | 20231205113421.0 | ||
| 007 | ta | ||
| 008 | 230509b bl.|||p| |||| 00| 00por d | ||
| 040 |
_aBR-BrBNA _bpor _cBiblioteca Nacional de Agricultura |
||
| 041 | _a(Pt) | ||
| 072 | _aH50 | ||
| 100 | 1 | _aFelipe, R.T.A. | |
| 100 | 1 | _aLeão, G.A. | |
| 100 | 1 | _aOliveira, J.A. de | |
| 245 | 1 | _aCrescimento e teores de arsênio em plântulas de Leucaena leucocephala e Sesbania grandiflora | |
| 650 | _aLEUCENA | ||
| 650 | _aARVORE FLORESTAL | ||
| 650 | _aPLANTULA | ||
| 650 | _aCRESCIMENTO | ||
| 650 | _aFITOTOXICIDADE | ||
| 773 | 0 |
_tRevista Ceres (Brazil) _xISSN 0034-737X _g(Mar-Apr 2009), v. 56(2) p. 219-224 _wBR0902968 |
|
| 856 | 4 | 0 | _uhttp://www.aprh.pt/rgci/pdf/rgci-155_Borges.pdf |
| 909 |
_a202311 _bLúcia _c55 _dLúcia Elande |
||
| 942 |
_2AGRIS _n0 _cANA |
||
| 999 |
_c203661 _d203661 |
||